KEEPING THE AIR CLEAN (Record no. 6418)
[ view plain ]
| 000 -LEADER | |
|---|---|
| fixed length control field | 00231nam a22001097a 4500 |
| 020 ## - INTERNATIONAL STANDARD BOOK NUMBER | |
| ISBN | 81-7862-573-3 |
| 082 ## - DEWEY DECIMAL CLASSIFICATION NUMBER | |
| Classification number | 001 |
| Item number | STE/K |
| 245 ## - TITLE STATEMENT | |
| Title | KEEPING THE AIR CLEAN |
| 260 ## - PUBLICATION, DISTRIBUTION, ETC. (IMPRINT) | |
| Place of publication | DELHI |
| Name of publisher | STERLING PRESS |
| 650 ## - SUBJECT ADDED ENTRY--TOPICAL TERM | |
| Topical Term | GK |
| Geographic subdivision | DELHI |
| 942 ## - ADDED ENTRY ELEMENTS (KOHA) | |
| Koha item type | Books |
| Withdrawn status | Lost status | Collection code | Home library | Current library | Shelving location | Date acquired | Source of acquisition | Cost, normal purchase price | Full call number | Accession Number | Koha item type |
|---|---|---|---|---|---|---|---|---|---|---|---|
| Fiction | Main Library | Main Library | SHELF-17E-SCIENCE RELATED BOOKS | 31/03/2006 | PURCHASE | 50.00 | 001 STE/K | 01865 | Books | ||
| G.K | Main Library | Main Library | SHELF-17E-SCIENCE RELATED BOOKS | 21/11/2005 | PURCHASE | 50.00 | 001 STE/K | 01859 | Books |